Southville International School and Colleges
Your cart is empty.
  • Cart
  • Lists
    Public lists list_1 View all
    Your lists Log in to create your own lists
  • Log in to your account
  • Your cookies
  • Search history
Southville International School and Colleges
  • Advanced search
  • Recent comments
  • Most popular
  • Libraries

Log in to your account

Log in with GOOGLE


If you do not have an external account, but do have a local account, you can still log in:

  1. Home
  2. MARC view: Whales.
Normal view MARC view ISBD view

Whales. (Record no. 115299)

[ view plain ]
MARC details
000 -LEADER
fixed length control field 00472nam a2200181 a 4500
005 - DATE AND TIME OF LATEST TRANSACTION
control field 20140414132134.0
008 - FIXED-LENGTH DATA ELEMENTS--GENERAL INFORMATION
fixed length control field 131113s19uu xx 00 eng d
020 ## - INTERNATIONAL STANDARD BOOK NUMBER
International Standard Book Number 9781426307454
050 ## - LIBRARY OF CONGRESS CALL NUMBER
Classification number REF 599.53
Item number Mar365 2010
100 ## - MAIN ENTRY--PERSONAL NAME
Personal name Marsh, Laura
245 ## - TITLE STATEMENT
Title Whales.
250 ## - EDITION STATEMENT
Edition statement Level 3
260 ## - PUBLICATION, DISTRIBUTION, ETC. (IMPRINT)
Place of publication, distribution, etc Washington ,DC :
Name of publisher, distributor, etc National Geographic Society,
Date of publication, distribution, etc c2010.
300 ## - PHYSICAL DESCRIPTION
Extent 48
440 ## - SERIES STATEMENT/ADDED ENTRY--TITLE
Title National Geographic Kids
650 ## - SUBJECT ADDED ENTRY--TOPICAL TERM
Topical term or geographic name as entry element Mammals-
General subdivision whales
Holdings
Withdrawn status Lost status Damaged status Use restrictions Home library Current library Shelving location Date acquired Source of acquisition Cost, normal purchase price Total Checkouts Full call number Barcode Date last seen Price effective from Koha item type
        Munich Library Munich Library Reference Section 11/13/2013   159.00   REF 599.53 Mar365 2010 M7321 04/14/2014 04/14/2014 Books

Whales.

APA

Marsh L., . (2010). Whales. Washington ,DC: National Geographic Society.

Chicago

Marsh Laura, . 2010. Whales. Washington ,DC: National Geographic Society.

Harvard

Marsh L., . (2010). Whales. Washington ,DC: National Geographic Society.

MLA

Marsh Laura, . Whales. Washington ,DC: National Geographic Society. 2010.

  • Place hold
  • Print
  • Cite
  • Add to your cart (remove)
  • Save record
    BIBTEX Dublin Core MARCXML MARC (non-Unicode/MARC-8) MARC (Unicode/UTF-8) MARC (Unicode/UTF-8, Standard) MODS (XML) RIS
  • More searches
    Search for this title in:
    Other Libraries (WorldCat) Other Databases (Google Scholar) Online Stores (Bookfinder.com) Open Library (openlibrary.org)

Exporting to Dublin Core...

SOUTHVILLE LIBRARY

Southville International School and Colleges Library

1281 Tropical Ave. Cor. Luxembourg St., BF Homes International, Las Pinas City

Tel. No. 8256374 / 252358 Loc. 117/146

Powered by Koha